[Event "17ème Open International de La Réunion"]
[Site "Saint Denis"]
[Date "2015.10.10"]
[Round "2.20"]
[White "Laoussing, Mathis"]
[Black "Mablouke, Ulrich"]
[Result "0-1"]
[WhiteElo "1270"]
[BlackElo "1653"]
[PlyCount "108"]
[EventDate "2015.??.??"]

1. e4 e6 2. d4 d5 3. e5 c5 4. c3 Nc6 5. Nf3 Qb6 6. Bd3 Bd7 7. Bc2 Nh6 8. O-O
Nf5 9. Bxf5 exf5 10. a3 cxd4 11. cxd4 a5 12. Nc3 Be6 13. Rb1 Be7 14. a4 O-O 15.
Nb5 Qd8 16. Bd2 f6 17. Qe2 Qd7 18. Rfe1 Rae8 19. b3 fxe5 20. Nxe5 Nxe5 21. Qxe5
Bf6 22. Qc7 Qf7 23. Qxf7+ Bxf7 24. Rxe8 Bxe8 25. Nd6 Bc6 26. Bxa5 Bxd4 27. h3
Rf6 28. Nc8 Re6 29. Bb4 Bf6 30. Nd6 Be7 31. Nxf5 Bxb4 32. Nd4 Re1+ 33. Rxe1
Bxe1 34. Nc2 Bc3 35. Kf1 d4 36. f3 Bd5 37. b4 Bb3 38. Ne1 Bxb4 39. Nd3 Bc4 40.
Ke2 Kf7 41. g4 g5 42. f4 gxf4 43. h4 Kg6 44. Kf3 Bxd3 45. Kxf4 h5 46. g5 Bd6+
47. Kf3 Kf5 48. a5 Ke5 49. Kf2 Kf4 50. Ke1 Bb4+ 51. Kd1 Bxa5 52. Kc1 Kg4 53. g6
Bxg6 54. Kd1 Kxh4 0-1

[Event "17ème Open International de La Réunion"]
[Site "Saint Denis"]
[Date "2015.10.10"]
[Round "2.21"]
[White "Melon, Antonin"]
[Black "Sandjivy, Vivien"]
[Result "1-0"]
[WhiteElo "1520"]
[BlackElo "1318"]
[PlyCount "91"]
[EventDate "2015.??.??"]

1. e4 e5 2. Nf3 Nc6 3. Bc4 Nf6 4. d3 Bc5 5. Bg5 d6 6. h3 h6 7. Bh4 Be6 8. Bb3
Qd7 9. Bxf6 gxf6 10. Nc3 O-O-O 11. Nd5 Bxd5 12. Bxd5 Nb4 13. Bc4 f5 14. a3 fxe4
15. axb4 exf3 16. bxc5 fxg2 17. Rg1 Qxh3 18. Bxf7 Qh2 19. Qg4+ Kb8 20. Qxg2 Qf4
21. Bd5 c6 22. Bb3 Qb4+ 23. Ke2 Qxc5 24. Qg3 Rdf8 25. Qe3 Qxe3+ 26. fxe3 Rf6
27. Raf1 Rxf1 28. Rxf1 h5 29. Rg1 d5 30. e4 dxe4 31. dxe4 h4 32. Rg8+ Rxg8 33.
Bxg8 Kc7 34. Kf3 Kd6 35. Kg4 b5 36. Kxh4 a5 37. b3 Kc5 38. Kg5 Kd4 39. Kf5 c5
40. Bd5 c4 41. Bc6 cxb3 42. cxb3 b4 43. Bd5 Kc5 44. Kxe5 Kb6 45. Kd6 Ka6 46. e5
1-0

[Event "17ème Open International de La Réunion"]
[Site "Saint Denis"]
[Date "2015.10.10"]
[Round "2.22"]
[White "Oster, Jean-Marie"]
[Black "Caminade, Hugo"]
[Result "1-0"]
[WhiteElo "1474"]
[BlackElo "1247"]
[PlyCount "117"]
[EventDate "2015.??.??"]

1. Nf3 d6 2. c4 c5 3. Nc3 Nc6 4. e3 g6 5. d4 Bg7 6. d5 Ne5 7. Be2 Nf6 8. Nxe5
dxe5 9. e4 O-O 10. O-O Qd7 11. Rb1 Rd8 12. a3 Qc7 13. Qd3 Nd7 14. Rd1 Nf6 15.
Nb5 Qb6 16. b4 a6 17. Nc3 Qc7 18. Na4 Rb8 19. Nxc5 b6 20. Nxa6 Bxa6 21. b5 Bb7
22. a4 Rbc8 23. Ba3 Rd7 24. f3 Ne8 25. Rbc1 Nd6 26. c5 bxc5 27. Bxc5 f5 28. b6
Qd8 29. a5 Ra8 30. Ra1 Ba6 31. Qc2 Bxe2 32. Qxe2 Nb7 33. Qb5 Qc8 34. Rdc1 Bh6
35. a6 Bxc1 36. Rxc1 Nxc5 37. Rxc5 Qxa6 38. Qxd7 Qxb6 39. Qe6+ Qxe6 40. dxe6
Ra1+ 41. Kf2 Ra2+ 42. Kg3 Ra3 43. Rxe5 h5 44. exf5 g5 45. h3 Kg7 46. Kf2 Kf6
47. Rd5 h4 48. g4 Ra2+ 49. Kg1 Ra1+ 50. Kg2 Ra2+ 51. Kg1 Ra1+ 52. Kf2 Rh1 53.
Kg2 Re1 54. Rd8 Re2+ 55. Kf1 Rh2 56. Rf8+ Ke5 57. Rf7 Rxh3 58. Kg2 Kf4 59. Kxh3
1-0

[Event "17ème Open International de La Réunion"]
[Site "Saint Denis"]
[Date "2015.10.10"]
[Round "2.23"]
[White "Caminade, Lionel"]
[Black "Assie, Joel"]
[Result "0-1"]
[WhiteElo "1220"]
[BlackElo "1450"]
[PlyCount "150"]
[EventDate "2015.??.??"]

1. d4 Nf6 2. Nf3 b6 3. e3 Ba6 4. Be2 Bxe2 5. Qxe2 e6 6. Nbd2 c5 7. b3 Nc6 8.
Bb2 Nb4 9. O-O Nxc2 10. Rac1 Nb4 11. a3 Nbd5 12. h3 Be7 13. Ne5 O-O 14. Rfe1
Rc8 15. Qd3 d6 16. Nef3 h6 17. g3 Qd7 18. Kg2 Qb7 19. e4 Nc7 20. Nc4 Rcd8 21.
Nxd6 Rxd6 22. e5 Rd7 23. exf6 Bxf6 24. Qe4 Qxe4 25. Rxe4 cxd4 26. Nxd4 Re8 27.
Bc3 Nd5 28. Ba1 Red8 29. h4 Ne7 30. Nf3 Bxa1 31. Rxa1 Rd3 32. Rb1 Rc3 33. Rc4
Rc8 34. Rxc8+ Rxc8 35. Rb2 f6 36. g4 e5 37. Rd2 Rc3 38. Rd7 Nc6 39. Rc7 b5 40.
Rc8+ Kh7 41. g5 e4 42. gxf6 Rxf3 43. fxg7 Ne7 44. Re8 Rf7 45. g8=Q+ Nxg8 46.
Rxe4 Ne7 47. Re5 a6 48. Re6 Nf5 49. Kh3 Nd4 50. Rxa6 Rxf2 51. Kg4 Rf5 52. Ra7+
Kg8 53. h5 Rg5+ 54. Kf4 Rxh5 55. Kg4 Rg5+ 56. Kf4 Nxb3 57. Ra6 Kh7 58. Ra7+ Rg7
59. Rxg7+ Kxg7 60. Kf3 Nd4+ 61. Ke3 Nc2+ 62. Kd3 Nxa3 63. Kc3 h5 64. Kb4 h4 65.
Kxa3 h3 66. Kb4 h2 67. Kxb5 h1=Q 68. Kc5 Qe4 69. Kd6 Qf5 70. Kc6 Qe5 71. Kb6
Qd5 72. Kc7 Kf6 73. Kb6 Ke7 74. Kc7 Qc5+ 75. Kb7 Kd7 0-1

[Event "17ème Open International de La Réunion"]
[Site "Saint Denis"]
[Date "2015.10.10"]
[Round "2.24"]
[White "Collet, Marine Celine There"]
[Black "Evrin, Selvam"]
[Result "0-1"]
[WhiteElo "1450"]
[BlackElo "1220"]
[PlyCount "73"]
[EventDate "2015.??.??"]

1. e4 d5 2. exd5 Nf6 3. d4 Nxd5 4. Nf3 Bg4 5. h3 Bh5 6. g4 Bg6 7. Ne5 Qd6 8.
Bc4 c6 9. Bf4 Nxf4 10. Rg1 Nxh3 11. Rg3 Ng5 12. Qd2 Ne4 13. Qf4 Nxg3 14. Bxf7+
Bxf7 15. Qxf7+ Kd8 16. fxg3 Nd7 17. Qf4 Nxe5 18. dxe5 Qd7 19. Nc3 Ke8 20. Rd1
Qc7 21. Qf5 Rd8 22. e6 Rxd1+ 23. Nxd1 Qxg3+ 24. Ke2 Qh2+ 25. Ke3 Qh3+ 26. Kd2
h5 27. Qg6+ Kd8 28. Ne3 hxg4 29. Qd3+ Kc7 30. Qd7+ Kb6 31. Nc4+ Kc5 32. c3 Qh2+
33. Kc1 Qh1+ 34. Kc2 Qe4+ 35. Qd3 Rh2+ 36. Nd2 Qxd3+ 37. Kxd3 0-1

[Event "17ème Open International de La Réunion"]
[Site "Saint Denis"]
[Date "2015.10.10"]
[Round "2.25"]
[White "Boyer, Mathis"]
[Black "Jouve, Marius"]
[Result "1/2-1/2"]
[WhiteElo "1210"]
[BlackElo "1430"]
[PlyCount "105"]
[EventDate "2015.??.??"]

1. e4 e5 2. Nf3 Nc6 3. Bc4 d6 4. d3 h6 5. h3 Nf6 6. Nc3 Be7 7. a3 Bd7 8. Nd5
Be6 9. Nxe7 Nxe7 10. Bxe6 fxe6 11. d4 exd4 12. Nxd4 Nxe4 13. Nxe6 Qc8 14. Nxg7+
Kd8 15. Qd4 Rg8 16. Qxe4 Rxg7 17. Bxh6 Rg8 18. Qh7 Qe6+ 19. Kf1 Re8 20. Bg5 Qd7
21. Re1 c6 22. Bxe7+ Rxe7 23. Rxe7 Qxe7 24. Qxe7+ Kxe7 25. h4 Ke6 26. h5 Rh8
27. g4 Ke5 28. Ke2 Kf4 29. f3 Rh6 30. Rd1 d5 31. Rd4+ Ke5 32. g5 Rxh5 33. Rg4
Rh2+ 34. Ke3 Kf5 35. g6 Rh8 36. Kf2 Rg8 37. Kg3 Rxg6 38. Rxg6 Kxg6 39. f4 Kf5
40. Kf3 b6 41. Ke3 c5 42. c3 a6 43. b3 b5 44. a4 b4 45. cxb4 cxb4 46. Kd4 Kxf4
47. Kxd5 Ke3 48. Kc4 a5 49. Kb5 Kd3 50. Kxa5 Kc3 51. Kb5 Kxb3 52. a5 Kc3 53. a6
1/2-1/2

[Event "17ème Open International de La Réunion"]
[Site "Saint Denis"]
[Date "2015.10.10"]
[Round "2.26"]
[White "Dace, Jean Emeric"]
[Black "Boyer, Frederick"]
[Result "1-0"]
[WhiteElo "1399"]
[BlackElo "1200"]
[PlyCount "62"]
[EventDate "2015.??.??"]

1. e3 e5 2. g3 d6 3. Bg2 Be7 4. b3 Be6 5. Bxb7 Nd7 6. Qf3 Rb8 7. Bd5 Bxd5 8.
Qxd5 Qc8 9. Bb2 c6 10. Qf3 Ngf6 11. d4 d5 12. dxe5 O-O 13. exf6 Bxf6 14. Bxf6
Nxf6 15. Nd2 Qe8 16. Ne2 Ne4 17. Nb1 Qe5 18. c3 c5 19. O-O c4 20. Nd4 Rb6 21.
Qe2 Ng5 22. Nd2 Ne4 23. Nxe4 Qxe4 24. bxc4 Rd6 25. cxd5 Qxd5 26. Rfd1 Qb7 27.
Rab1 Qd5 28. c4 Qe4 29. c5 g5 30. c6 f5 31. c7 Rc8 1-0

[Event "17ème Open International de La Réunion"]
[Site "Saint Denis"]
[Date "2015.10.10"]
[Round "2.27"]
[White "Padre, Maxime"]
[Black "Jotee, Ashvin"]
[Result "0-1"]
[WhiteElo "1200"]
[BlackElo "1399"]
[PlyCount "66"]
[EventDate "2015.??.??"]

1. e4 e6 2. d4 d5 3. e5 c5 4. c3 Nc6 5. Nf3 Qb6 6. Bd3 cxd4 7. cxd4 Bd7 8. Bc2
Nb4 9. Nc3 Nxc2+ 10. Qxc2 Ne7 11. O-O Nf5 12. Rd1 Be7 13. Qe2 O-O 14. Bf4 Rfc8
15. Rac1 Rc4 16. Be3 Rac8 17. Rc2 a6 18. Rcd2 Qa5 19. Bf4 b5 20. g4 Nh4 21.
Nxh4 Bxh4 22. Qe3 b4 23. Ne2 Be7 24. Kh1 g5 25. Bg3 Qxa2 26. b3 Rc2 27. f4 Rxd2
28. Rxd2 Rc2 29. Rxc2 Qxc2 30. Be1 Bb5 31. Nc1 a5 32. Qd2 Qe4+ 33. Kg1 gxf4 0-1

[Event "17ème Open International de La Réunion"]
[Site "Saint Denis"]
[Date "2015.10.10"]
[Round "2.28"]
[White "Petry, Joachim"]
[Black "Dazin, Nathan"]
[Result "1-0"]
[WhiteElo "1399"]
[BlackElo "1199"]
[PlyCount "73"]
[EventDate "2015.??.??"]

1. e4 e5 2. Bc4 Bc5 3. Nf3 d6 4. h3 Nf6 5. Nc3 O-O 6. d4 exd4 7. Nxd4 h6 8. Be3
b6 9. Qd2 Bd7 10. O-O-O Bxd4 11. Bxd4 Nc6 12. Be3 Qe8 13. f3 Nb4 14. g4 Ba4 15.
b3 d5 16. exd5 Nfxd5 17. Nxd5 Nxd5 18. Bxd5 Bc6 19. Bxc6 Qxc6 20. f4 Rad8 21.
Qf2 Rxd1+ 22. Rxd1 Re8 23. h4 Qe6 24. Re1 Qxg4 25. Rg1 Qe6 26. Bd2 Qd6 27. f5
Qa3+ 28. Kb1 h5 29. Qg3 Qf8 30. Bh6 f6 31. Bxg7 Qe7 32. Bxf6+ Kh7 33. Qg7+ Qxg7
34. Rxg7+ Kh6 35. Rxc7 Rf8 36. Bg7+ Kh7 37. Bxf8+ 1-0

[Event "17ème Open International de La Réunion"]
[Site "Saint Denis"]
[Date "2015.10.10"]
[Round "2.29"]
[White "Poudroux, Mathilde"]
[Black "Sawmynaden, Righen"]
[Result "0-1"]
[WhiteElo "1199"]
[BlackElo "1399"]
[PlyCount "96"]
[EventDate "2015.??.??"]

1. e4 c5 2. d4 cxd4 3. Qxd4 Nc6 4. Qd2 Nf6 5. Nc3 g6 6. Nf3 Bg7 7. e5 Ng4 8.
Be2 Ngxe5 9. Ng5 d6 10. Qe3 O-O 11. O-O d5 12. Nb5 a6 13. Nd4 Nxd4 14. Qxd4
Nf3+ 15. Nxf3 Bxd4 16. Nxd4 e5 17. Nf3 Re8 18. Ng5 f6 19. Nf3 Bg4 20. Re1 Rc8
21. h3 Bxf3 22. Bxf3 e4 23. Bg4 f5 24. Be2 Rxc2 25. g4 Qa5 26. Bf4 d4 27. g5 d3
28. Bf1 Qc5 29. Be3 Qe5 30. f4 exf3 31. Bf2 Qb8 32. Rxe8+ Qxe8 33. Bxd3 Rc6 34.
b3 Qc8 35. Bc4+ Kf8 36. a4 b5 37. axb5 axb5 38. Bxb5 Rc1+ 39. Rxc1 Qxc1+ 40.
Kh2 Qxg5 41. Bf1 Qf4+ 42. Bg3 Qd2+ 43. Kg1 f4 44. Bh4 h6 45. Bf6 Qe3+ 46. Kh1
Qf2 47. Bd8 Qxf1+ 48. Kh2 Qg2# 0-1

[Event "17ème Open International de La Réunion"]
[Site "Saint Denis"]
[Date "2015.10.10"]
[Round "2.30"]
[White "Sawmynaden, Vicken"]
[Black "Pun Chung, Leo"]
[Result "0-1"]
[WhiteElo "1399"]
[BlackElo "1199"]
[PlyCount "104"]
[EventDate "2015.??.??"]

1. e4 e5 2. Nf3 Nc6 3. Bc4 h6 4. c3 Nf6 5. O-O d5 6. exd5 Nxd5 7. Qb3 Be6 8. d4
e4 9. Nfd2 Rb8 10. Nxe4 Be7 11. Nc5 O-O 12. Nxe6 fxe6 13. Re1 Na5 14. Qb5 Nxc4
15. Qxc4 Qd6 16. Qa4 Nf4 17. Qxa7 Nd3 18. Rf1 Nxc1 19. Rxc1 Rxf2 20. Qxb8+ Kh7
21. Rf1 Rxf1+ 22. Kxf1 Qf4+ 23. Ke1 Qc1+ 24. Ke2 Qxb2+ 25. Kf3 Qxa1 26. Qc8 Bf6
27. Kg4 Qxb1 28. Qxe6 Qg6+ 29. Kf4 Qxg2 30. Qf5+ Qg6 31. Qxg6+ Kxg6 32. Ke4 Kg5
33. c4 b6 34. c5 bxc5 35. dxc5 Be7 36. c6 Bc5 37. Kd5 Bd6 38. a4 Bxh2 39. a5
Bg1 40. Ke6 h5 41. Kd7 h4 42. Kxc7 h3 43. a6 h2 44. a7 Bxa7 45. Kb7 h1=Q 46.
Kxa7 Qxc6 47. Kb8 Kf6 48. Ka7 Qb5 49. Ka8 Ke7 50. Ka7 Kd7 51. Ka8 Kc7 52. Ka7
Qb7# 0-1

[Event "17ème Open International de La Réunion"]
[Site "Saint Denis"]
[Date "2015.10.10"]
[Round "2.31"]
[White "Leccia, Antoine"]
[Black "Semrau, Christoph"]
[Result "1/2-1/2"]
[WhiteElo "1169"]
[BlackElo "1399"]
[PlyCount "61"]
[EventDate "2015.??.??"]

1. Nf3 Nf6 2. g3 e6 3. Bg2 d5 4. c4 c6 5. b3 Bc5 6. O-O Nbd7 7. Bb2 Qe7 8. d3
O-O 9. Nc3 Ba3 10. Bxa3 Qxa3 11. Qc1 Qe7 12. e4 dxe4 13. Nxe4 Nxe4 14. dxe4 h6
15. Ne1 Ne5 16. Nc2 Rd8 17. f4 Nd3 18. Qa3 Qxa3 19. Nxa3 Nb4 20. e5 Bd7 21. Rf2
Be8 22. Nc2 Na6 23. Bf3 Rd7 24. Rd1 Rxd1+ 25. Bxd1 Rd8 26. Bf3 b6 27. Kf1 c5
28. Ke1 Kf8 29. Rd2 Rxd2 30. Kxd2 Ke7 31. Ke3 1/2-1/2

[Event "17ème Open International de La Réunion"]
[Site "Saint Denis"]
[Date "2015.10.10"]
[Round "2.32"]
[White "Etheve, Lionel"]
[Black "Leccia, Thomas"]
[Result "1-0"]
[WhiteElo "1390"]
[BlackElo "1162"]
[PlyCount "131"]
[EventDate "2015.??.??"]

1. e4 e5 2. Nf3 Nc6 3. Bc4 Bc5 4. O-O Nf6 5. d3 h6 6. Nc3 O-O 7. Nd5 d6 8. h3
Be6 9. Nxf6+ Qxf6 10. Bxe6 fxe6 11. Be3 Bb6 12. Nd2 d5 13. Bxb6 axb6 14. a3 d4
15. Qg4 b5 16. Nf3 Rae8 17. a4 b4 18. b3 b6 19. Rac1 Nd8 20. Qg3 Qf4 21. Qxf4
exf4 22. Nxd4 e5 23. Nf5 c5 24. Nd6 Re6 25. Nc4 Nc6 26. f3 Nd4 27. Rfe1 Rg6 28.
Kh1 b5 29. Nxe5 Re6 30. Nd7 Rc8 31. a5 Re7 32. Nb6 Ra7 33. Nxc8 Rxa5 34. Ne7+
Kh7 35. Nf5 Ne6 36. Red1 Ra6 37. d4 cxd4 38. Nxd4 Nxd4 39. Rxd4 Rg6 40. Rxb4
Rb6 41. e5 g5 42. e6 Rxe6 43. Rxb5 Re3 44. c4 Kg6 45. Rd1 Kh5 46. c5 Kh4 47. c6
Kg3 48. c7 Rc3 49. Rb7 Rc5 50. b4 Rc2 51. Rg1 Rc4 52. b5 Rc5 53. b6 Rc6 54. Rb8
h5 55. c8=Q Rxc8 56. Rxc8 g4 57. hxg4 hxg4 58. fxg4 Kxg4 59. b7 f3 60. gxf3+
Kxf3 61. Rf8+ Ke2 62. Rg7 Kd1 63. Re8 Kc1 64. Rd8 Kb1 65. b8=Q+ Ka1 66. Ra7#
1-0

[Event "17ème Open International de La Réunion"]
[Site "Saint Denis"]
[Date "2015.10.10"]
[Round "2.33"]
[White "Alex-Geerjanan, Nils"]
[Black "Sandjivy, Mateo"]
[Result "0-1"]
[WhiteElo "1120"]
[BlackElo "1384"]
[PlyCount "32"]
[EventDate "2015.??.??"]

1. e4 e5 2. Nf3 Nc6 3. Bc4 Bc5 4. c3 a5 5. d4 exd4 6. cxd4 Bb4+ 7. Bd2 Qe7 8.
Bxb4 Qxb4+ 9. Nbd2 Qxb2 10. Rb1 Qa3 11. Rb3 Qd6 12. O-O Nxd4 13. Rd3 Nxf3+ 14.
Qxf3 Qg6 15. a4 d6 16. h3 Nf6 0-1

[Event "17ème Open International de La Réunion"]
[Site "Saint Denis"]
[Date "2015.10.10"]
[Round "2.34"]
[White "Romain, Juliane"]
[Black "Leonardy, Baptiste"]
[Result "0-1"]
[WhiteElo "1364"]
[BlackElo "1140"]
[PlyCount "144"]
[EventDate "2015.??.??"]

1. e4 e5 2. Nf3 Nc6 3. Bc4 h6 4. c3 Na5 5. Nxe5 Qe7 6. Qf3 Qxe5 7. Qxf7+ Kd8 8.
Qxf8+ Qe8 9. Qxe8+ Kxe8 10. Be2 g6 11. d4 Nc6 12. Nd2 d6 13. O-O Nf6 14. f4 Rf8
15. e5 Nh7 16. Bd3 Bf5 17. Bxf5 Rxf5 18. exd6 cxd6 19. g4 Rf7 20. d5 Ne7 21. c4
a6 22. Ne4 Rd8 23. Bd2 b6 24. h4 a5 25. b3 Rd7 26. Be3 Nc8 27. f5 gxf5 28. Rxf5
Rxf5 29. gxf5 Re7 30. Nxd6+ Nxd6 31. Bxb6 Nxf5 32. Bxa5 Nxh4 33. Re1 Nf3+ 34.
Kf2 Nxe1 35. Bxe1 Kd7 36. b4 Re4 37. c5 Nf6 38. d6 Nd5 39. a3 Re3 40. a4 Re4
41. b5 Rxa4 42. b6 Nxb6 43. cxb6 Kxd6 44. Kg2 Kc6 45. Bf2 Ra3 46. Bg1 Rb3 47.
Bf2 Kd5 48. Kf1 Ke4 49. Kg2 Kf4 50. Bc5 h5 51. Bf2 Kg4 52. Bc5 h4 53. Bd4 h3+
54. Kh2 Kh4 55. Bf2+ Kg4 56. Bd4 Rb4 57. Bc5 Rb2+ 58. Kh1 Kf3 59. Bd4 Rb4 60.
Bc5 Rb5 61. Bd4 Kg3 62. Bg1 Rb1 63. b7 Rxb7 64. Bh2+ Kg4 65. Bd6 Kf3 66. Kh2
Rg7 67. Be5 Rg5 68. Bb8 Rg2+ 69. Kxh3 Rg8 70. Be5 Rg5 71. Bf6 Rh5+ 72. Bh4 Kf4
0-1

[Event "17ème Open International de La Réunion"]
[Site "Saint Denis"]
[Date "2015.10.10"]
[Round "2.35"]
[White "Cazal, Julian"]
[Black "Ringayen, Francinel"]
[Result "0-1"]
[WhiteElo "1070"]
[BlackElo "1320"]
[PlyCount "100"]
[EventDate "2015.??.??"]

1. e4 e5 2. Nf3 Nc6 3. Bc4 Bc5 4. O-O Nf6 5. c3 d5 6. d4 dxc4 7. dxc5 Qxd1 8.
Rxd1 Nxe4 9. Re1 Nxc5 10. Nxe5 Nxe5 11. Rxe5+ Ne6 12. Re1 Bd7 13. Nd2 Bb5 14.
Nf3 O-O-O 15. Be3 b6 16. Nd4 Nxd4 17. cxd4 Bc6 18. f3 h6 19. Rad1 Rhe8 20. Rc1
Bd5 21. b3 cxb3 22. axb3 Bxb3 23. Rc3 Bd5 24. Ra1 Kb7 25. Bf4 Rd7 26. Rca3 Ra8
27. Rc3 a5 28. Rac1 Rc8 29. Bd2 Rd6 30. Ra3 Ra8 31. Rac3 Rc6 32. Rxc6 Bxc6 33.
Bf4 Rd8 34. Re1 Rxd4 35. Bg3 a4 36. Re7 Rd7 37. Re8 a3 38. Be5 a2 39. Ba1 Rd1+
40. Kf2 Rxa1 41. Kg3 Rb1 42. Re3 a1=Q 43. Re2 Rf1 44. Rf2 Qe5+ 45. f4 Qe3+ 46.
Rf3 Rxf3+ 47. gxf3 Qxf3+ 48. Kh4 Bd7 49. f5 g5+ 50. fxg6 Qg4# 0-1

[Event "17ème Open International de La Réunion"]
[Site "Saint Denis"]
[Date "2015.10.10"]
[Round "2.36"]
[White "Sandjivy, Jean Marc"]
[Black "Larmet, Nino"]
[Result "1-0"]
[WhiteElo "1320"]
[BlackElo "1099"]
[PlyCount "79"]
[EventDate "2015.??.??"]

1. c4 e5 2. Nc3 Nf6 3. e3 e4 4. Qc2 Qe7 5. d3 exd3 6. Bxd3 b6 7. Nge2 Bb7 8.
O-O d6 9. Re1 Nbd7 10. Nf4 O-O-O 11. Nfd5 Nxd5 12. cxd5 Nf6 13. e4 g6 14. Bg5
Bg7 15. Bf4 Rhe8 16. e5 dxe5 17. Rxe5 Qc5 18. Rxe8 Rxe8 19. Rc1 Qe7 20. Nb5
Nxd5 21. Nd6+ Kb8 22. Nxe8 Nxf4 23. Nxg7 Qg5 24. g3 Nxd3 25. Rd1 Be4 26. Qc4
Nxb2 27. Rd8+ Kb7 28. Qxe4+ Ka6 29. Qe2+ Kb7 30. Qe4+ Ka6 31. Rd5 Qc1+ 32. Kg2
Qc6 33. Ra5+ Kb7 34. Rxa7+ Kxa7 35. Qxc6 Kb8 36. Ne8 Ka7 37. Nxc7 Kb8 38. Qxb6+
Kc8 39. Na6 Kd7 40. Qxb2 1-0

[Event "17ème Open International de La Réunion"]
[Site "Saint Denis"]
[Date "2015.10.10"]
[Round "3.1"]
[White "Sharma, Dinesh K"]
[Black "Ratsimikatry, Caryl Patrick"]
[Result "1-0"]
[WhiteElo "2356"]
[BlackElo "1836"]
[PlyCount "73"]
[EventDate "2015.??.??"]

1. e4 c6 2. d4 d5 3. e5 Bf5 4. Nf3 e6 5. Be2 c5 6. Be3 cxd4 7. Nxd4 Ne7 8. Nd2
Nbc6 9. N2f3 Be4 10. O-O Bxf3 11. Nxf3 Nf5 12. Bf4 Be7 13. h3 O-O 14. Bd3 Nh4
15. Nxh4 Bxh4 16. Qg4 g6 17. c3 Be7 18. Rad1 Qa5 19. a3 Rac8 20. Qe2 a6 21. Kh1
Rfd8 22. Bd2 Qc7 23. f4 Na5 24. Be1 Nc4 25. h4 Qb6 26. Rb1 h5 27. Rf3 Kg7 28.
a4 Qb3 29. f5 exf5 30. Bxf5 gxf5 31. Rg3+ Kh6 32. Bd2+ Nxd2 33. Qxd2+ Kh7 34.
Qe2 Kh6 35. Qe3+ Kh7 36. Qf3 Kh6 37. Qf4+ 1-0

[Event "17ème Open International de La Réunion"]
[Site "Saint Denis"]
[Date "2015.10.10"]
[Round "3.2"]
[White "Rajaonson, Andriamahenina"]
[Black "Lorans, Sylvain"]
[Result "0-1"]
[WhiteElo "1840"]
[BlackElo "2188"]
[PlyCount "106"]
[EventDate "2015.??.??"]

1. e4 d5 2. exd5 Qxd5 3. Nc3 Qd6 4. d4 Nf6 5. Nf3 a6 6. Be2 Bf5 7. O-O Nc6 8.
a3 O-O-O 9. Be3 e5 10. dxe5 Nxe5 11. Qxd6 Bxd6 12. Nd4 Bg6 13. h3 Bc5 14. Rfd1
Rhe8 15. Rac1 Bb6 16. Na4 Bxd4 17. Rxd4 Rxd4 18. Bxd4 Nc6 19. Bxf6 gxf6 20.
Bg4+ f5 21. Bf3 Nd4 22. Nc5 Nxf3+ 23. gxf3 Bh5 24. f4 Bf3 25. Nd3 Rg8+ 26. Kf1
f6 27. Ne1 Bc6 28. c4 Rd8 29. Rc3 Rd4 30. Nd3 Bf3 31. Ne1 Bh5 32. Nd3 b6 33. c5
Kb7 34. cxb6 cxb6 35. f3 Bxf3 36. Nc5+ bxc5 37. Rxf3 Rd2 38. b3 Kc6 39. Ke1 Ra2
40. a4 Kd5 41. Re3 Rb2 42. Re7 h5 43. Re3 h4 44. Kf1 Kd4 45. Re6 Rxb3 46. Rxa6
c4 47. Ke2 Rxh3 48. Rxf6 c3 49. Rd6+ Ke4 50. Rc6 Rh2+ 51. Kd1 c2+ 52. Kc1 h3
53. a5 Rg2 0-1

[Event "17ème Open International de La Réunion"]
[Site "Saint Denis"]
[Date "2015.10.10"]
[Round "3.3"]
[White "Harshal, Shahi"]
[Black "Rajaobelina, Hery"]
[Result "1-0"]
[WhiteElo "2079"]
[BlackElo "1787"]
[PlyCount "72"]
[EventDate "2015.??.??"]

1. e4 c5 2. Nf3 d6 3. d4 cxd4 4. Nxd4 Nf6 5. Nc3 a6 6. Be3 Ng4 7. Bg5 h6 8. Bh4
g5 9. Bg3 Bg7 10. Be2 h5 11. h4 Qb6 12. Nb3 Bxc3+ 13. bxc3 gxh4 14. Bxh4 Nc6
15. Qd5 Be6 16. Qg5 O-O-O 17. Qd2 Nce5 18. Qd4 Qc7 19. f3 Nc6 20. Qd2 Nge5 21.
f4 Nc4 22. Qd3 N4a5 23. Nxa5 Nxa5 24. f5 Bc4 25. Qd4 Bxe2 26. Kxe2 Qc4+ 27. Kf2
Kb8 28. e5 Qxd4+ 29. cxd4 Nc4 30. Rab1 dxe5 31. dxe5 e6 32. Rb4 Rd2+ 33. Kf3
Rc8 34. fxe6 fxe6 35. Kf4 Rxc2 36. Rd1 Rc6 {suite illisible} 1-0

[Event "17ème Open International de La Réunion"]
[Site "Saint Denis"]
[Date "2015.10.10"]
[Round "3.4"]
[White "Frelicot, Eric"]
[Black "Mezouaghi, Miloud"]
[Result "0-1"]
[WhiteElo "1787"]
[BlackElo "2074"]
[PlyCount "76"]
[EventDate "2015.??.??"]

1. c4 e5 2. Nc3 Nf6 3. g3 Bc5 4. Bg2 d6 5. b4 Bd4 6. Bb2 c6 7. e3 Bxc3 8. Bxc3
Be6 9. d3 Nbd7 10. Ne2 Qc7 11. O-O O-O 12. a4 Rad8 13. Qc2 d5 14. c5 Rfe8 15.
f4 Bg4 16. Rae1 Bxe2 17. Rxe2 exf4 18. exf4 Rxe2 19. Qxe2 Re8 20. Qf3 Qd8 21.
Bh3 a5 22. Qf2 axb4 23. Bxb4 Qa8 24. a5 Qa6 25. Qc2 Qb5 26. Rb1 Nf8 27. Kf2 h5
28. Bf5 g6 29. Bh3 Ne6 30. Bxe6 Rxe6 31. f5 Re5 32. fxg6 fxg6 33. Re1 Rxe1 34.
Kxe1 d4 35. Ba3 Nd5 36. Ke2 Qb1 37. Qc1 Nc3+ 38. Kf3 Qxd3+ 0-1

[Event "17ème Open International de La Réunion"]
[Site "Saint Denis"]
[Date "2015.10.10"]
[Round "3.5"]
[White "Ralison, Milanto Harifidy"]
[Black "Desor, Helmut"]
[Result "1-0"]
[WhiteElo "2046"]
[BlackElo "1767"]
[PlyCount "101"]
[EventDate "2015.??.??"]

1. e4 d6 2. d4 Nf6 3. Nc3 g6 4. f3 Bg7 5. Be3 Nbd7 6. Bc4 c6 7. a4 Qb6 8. Qd2
Qb4 9. Bb3 a5 10. Nge2 Nb6 11. Nc1 Nc4 12. Qe2 Nxe3 13. Qxe3 Qb6 14. N1e2 Bd7
15. Qd2 Qc7 16. O-O e5 17. d5 c5 18. Bc4 Qb6 19. Ra3 Qb4 20. Bb5 c4 21. Qe3 O-O
22. Na2 Qxb2 23. Bxc4 Rfc8 24. Qb3 Qxb3 25. cxb3 Rab8 26. Nac3 Ne8 27. Raa1 Rc5
28. Bb5 Bxb5 29. Nxb5 Bh6 30. f4 Rc2 31. Rf2 exf4 32. Ned4 Rxf2 33. Kxf2 Rc8
34. Ra2 Bg7 35. Rc2 Bxd4+ 36. Nxd4 Rxc2+ 37. Nxc2 g5 38. Na3 Nf6 39. Kf3 Nd7
40. Nb5 Nc5 41. Nxd6 Nxb3 42. Nxb7 Nd4+ 43. Kg4 h6 44. Nxa5 Kg7 45. h4 Kg6 46.
hxg5 hxg5 47. Nc4 f5+ 48. exf5+ Nxf5 49. a5 Nd4 50. Nd6 Nb3 51. a6 1-0

[Event "17ème Open International de La Réunion"]
[Site "Saint Denis"]
[Date "2015.10.10"]
[Round "3.6"]
[White "Desire, Michael"]
[Black "Gretry, Patrice"]
[Result "1/2-1/2"]
[WhiteElo "1783"]
[BlackElo "1997"]
[PlyCount "41"]
[EventDate "2015.??.??"]

1. d4 Nf6 2. c4 c6 3. Nc3 d5 4. cxd5 cxd5 5. Nf3 Nc6 6. e3 g6 7. Bd3 Bg7 8. O-O
O-O 9. Bd2 a6 10. Rc1 h6 11. h3 Be6 12. Na4 Ne4 13. Nc5 Nxc5 14. Rxc5 Rc8 15.
Qc2 Bd7 16. Qb3 e6 17. Qxb7 Rb8 18. Qxa6 Ra8 19. Qb7 Rb8 20. Qa6 Ra8 21. Qb7
1/2-1/2

[Event "17ème Open International de La Réunion"]
[Site "Saint Denis"]
[Date "2015.10.10"]
[Round "3.7"]
[White "Payet, Jean-Claude"]
[Black "Neu, Jeannot"]
[Result "1-0"]
[WhiteElo "1872"]
[BlackElo "1694"]
[PlyCount "125"]
[EventDate "2015.??.??"]

1. e4 c6 2. Nf3 d5 3. Nc3 Bg4 4. h3 Bxf3 5. Qxf3 dxe4 6. Nxe4 Nf6 7. Nxf6+ exf6
8. c3 Bd6 9. Bc4 Qe7+ 10. Qe3 Nd7 11. O-O Nb6 12. Bb3 Qxe3 13. fxe3 c5 14. d4
O-O 15. Bd2 Rae8 16. Rae1 c4 17. Bd1 Bg3 18. Re2 Re6 19. Rf3 Bc7 20. Rf5 g6 21.
Rc5 Bd6 22. Rb5 f5 23. Rf2 Re7 24. b3 Rfe8 25. Bf3 Rb8 26. Be2 Rc7 27. a4 cxb3
28. a5 Nc4 29. Bxc4 Rxc4 30. Rxb3 Ra4 31. Rb5 a6 32. Rd5 Bg3 33. Rf1 Ra2 34.
Be1 Bc7 35. c4 Rd8 36. Rc5 Bd6 37. Rd5 Be7 38. Re5 Bf6 39. Rc5 Re2 40. Bf2 Bg5
41. Re5 Kf8 42. Rb1 Rd7 43. Kf1 Ra2 44. g4 Bf6 45. Rc5 fxg4 46. hxg4 Bd8 47.
Be1 Rh2 48. Rc8 Kg7 49. Rb3 Rc2 50. c5 Rc1 51. Ke2 Rc2+ 52. Kf3 Rc1 53. Bc3 Bf6
54. Rb8 h6 55. Bb2 Rf1+ 56. Ke2 Rg1 57. R8xb7 Rxb7 58. Rxb7 Rg2+ 59. Kd3 Kg8
60. c6 Bd8 61. Rb8 Kg7 62. Rxd8 Rxb2 63. c7 1-0